Sports Quiz

Random Sports Quiz

Survivor Series Sweeps Quiz Stats

Quiz not verified by Sporcle

Challenge
Share
Tweet
Embed
Score 0/26 Timer 10:00
0 Plays Today
Year Wrestlers % Correct
2006HHH
96.3%
2006Shawn Michaels
95.4%
1995Undertaker
85.8%
1991Sgt Slaughter
82.1%
1994Jerry Lawler
75%
1990Rick Martel
62.9%
2006Matt Hardy
62.1%
2006Jeff Hardy
62.1%
2006CM Punk
61.3%
1993Mabel
59.6%
1993Mo
58.3%
1999The Big Show
55%
1990Paul Roma
54.2%
Year Wrestlers % Correct
1995Henry Godwinn
54.2%
1990Warlord
53.8%
1990Hercules
52.9%
1993Bushwhacker Luke
52.5%
1993Bushwhacker Butch
52.5%
1991Jim Duggan
49.6%
1991Tito Santana
43.8%
1994Cheesy
42.5%
1994Sleazy
42.5%
1995Savio Vega
38.3%
1994Queasy
37.9%
1991Texas Tornado
37.5%
1995Fatu
37.5%

You're not logged in!

Compare scores with friends on all Sporcle quizzes.
Join for Free
OR
Log In

You Might Also Like...

Show Comments

Extras

Top Quizzes Today


Score Distribution

Your Account Isn't Verified!

In order to create a playlist on Sporcle, you need to verify the email address you used during registration. Go to your Sporcle Settings to finish the process.

Report this User

Report this user for behavior that violates our Community Guidelines.

Details: